000 00471nam a2200181Ia 4500
001 16124
003 GE_BSU
008 181216s||||||||xx |||||||||||||| ||und||
040 _cGE_BSU
080 _a6
245 _aPower Shape. Declam. Powering your productivity. Traning Course
260 _c2013
300 _a337p.30cm.
653 _a(ქსეროქსი)
653 _aPower Shape. Declam
653 _aPowering your productivity. Traning Course
942 _cBK
999 _c49212
_d49212